Geometry Dash: ViPriN levels. - Statistics

General Stats
  • This quiz has been taken 9 times
  • The average score is 6 of 130
Answer Stats
Update created (rating) Answer % Correct
2.0 (Extreme Demon) Artificial Ascent
71%
1.7 (Easy Demon) Accelerando
43%
2.1 (Extreme Demon) Digital Descent
43%
2.1 (Insane Demon) HyperSonic
43%
1.9 (Hard Demon) Jawbreaker
29%
2.1 (Insane Demon) Kyrie Eleison
29%
2.1 (Extreme Demon) Ouroboros
29%
2.1 (Extreme Demon) SubSonic
29%
2.0 (Medium Demon) 48155
14%
2.0 (Hard Demon) Arachnid Temple
14%
1.9 (Harder 7*) Beginning of Time
14%
1.8 (Hard 5*) Cadenza
14%
1.9 (Hard 5*) Clouds
14%
1.7 (Medium Demon) Forte
14%
1.9 (Medium Demon) Golden Haze
14%
2.1 (Hard Demon) Iridescent
14%
1.8 (Harder 7*) Maestro
14%
2.1 (Harder 6*) Master of the World
14%
2.1 (Insane Demon) Nine CircleX
14%
1.7 (Harder 7*) Pianissimo
14%
1.9 (Hard Demon) Regret
14%
1.9 (Insane 8*) Ricochet Love
14%
1.9 (Insane 9*) Robotic Nightmares
14%
1.9 (Hard 5*) Space Pirates
14%
1.9 (Insane 8*) Three Step
14%
1.9 (Harder 7*) Uprise
14%
1.8 (Harder 6*) Zaphkiel
14%
1.8 (Medium Demon) Abyssal Ruins
0%
1.7 (Insane 9*) Adagio
0%
1.9 (Harder 7*) Afterdynamix
0%
1.9 (Insane 8*) Afterforce
0%
1.9 (Insane 8*) Afterprocess
0%
2.0 (Hard 5*) Allure
0%
2.1 (Hard Demon) Altair
0%
1.9 (Hard 5*) Around the World
0%
1.8 (Insane 8*) Astral Zero
0%
2.0 (Harder 7*) Baby Why
0%
1.8 (Medium Demon) Blade Dance
0%
2.0 (Harder 6*) Bliss
0%
1.9 (Harder 7*) Center of Existence
0%
1.8 (Medium Demon) Chaotic Wires
0%
2.1 (Medium Demon) Chronos
0%
1.8 (Hard Demon) ClubNeon
0%
1.9 (Harder 7*) Cosmic Dreamer
0%
1.8 (Medium Demon) Cosmic Journey
0%
1.7 (Harder 6*) Da Capo
0%
2.0 (Hard Demon) Despair
0%
1.8 (Insane 8*) Devoto
0%
1.7 (Medium Demon) Divisi
0%
1.8 (Insane 9*) Dolce
0%
2.1 (Easy Demon) Duality
0%
1.8 (Easy Demon) Duet
0%
1.9 (Hard 5*) Dynasty
0%
1.8 (Medium Demon) Electric Flare
0%
1.7 (Insane 9*) Elegy
0%
2.1 (Hard 5*) Elevatia
0%
1.7 (Insane 9*) Encore
0%
1.9 (Harder 6*) End of Time
0%
1.8 (Harder 6*) Epilogue
0%
1.9 (Hard 5*) Eternal Eclipse
0%
1.9 (Medium Demon) Eternity
0%
1.7 (Harder 7*) Etude
0%
1.8 (Harder 6*) Evolution
0%
1.8 (Hard 5*) Exodus
0%
1.9 (Harder 7*) Falcon Punch
0%
1.9 (Hard Demon) Fallen Dynasty
0%
1.9 (Insane 9*) Flaklypa
0%
1.8 (Hard Demon) Fortissimo
0%
1.9 (Hard 5*) Freedom
0%
2.0 (Hard 5*) Galaxium
0%
1.9 (Hard 5*) Glittery Shores
0%
1.9 (Harder 7*) Gradient
0%
1.8 (Insane 8*) Haywire
0%
2.0 (Hard 5*) Hypnophobia
0%
1.8 (Hard 5*) Ignite
0%
2.0 (Hard Demon) Impetus
0%
1.9 (Harder 7*) Impulse
0%
1.8 (Insane 8*) Incursio
0%
1.9 (Harder 6*) Infertehno
0%
1.9 (Harder 7*) Infilatrate
0%
1.9 (Medium Demon) Intercept
0%
1.7 (Harder 6*) Interlude
0%
1.9 (Harder 6*) Into Twilight
0%
1.9 (Harder 7*) Invaders
0%
1.7 (Harder 7*) Lacrimoso
0%
1.8 (Harder 6*) Largo
0%
1.8 (Harder 6*) Laserstar
0%
1.8 (Insane 8*) Legato
0%
1.7 (Harder 7*) Leggiero
0%
1.8 (Harder 7*) Lento
0%
1.9 (Insane 8*) Level Up
0%
1.7 (Insane 8*) Luminoso
0%
1.8 (Insane 9*) Maestoso
0%
1.8 (Insane 8*) Magico
0%
1.8 (Harder 6*) Magnifico
0%
1.8 (Insane 8*) Modesto
0%
1.7 (Harder 7*) Naturale
0%
1.8 (Harder 7*) Neon on Track
0%
1.9 (Insane 8*) New Energy
0%
1.8 (Harder 7*) New Era
0%
2.0 (Insane 9*) Nexus
0%
1.7 (Easy Demon) Nocturne
0%
1.7 (Harder 7*) Notturno
0%
1.9 (Harder 7*) Number Five
0%
1.8 (Harder 7*) Octagon Force
0%
1.7 (Harder 7*) Ostinato
0%
1.7 (Harder 7*) Overture
0%
2.0 (Hard Demon) Phantoms Manor
0%
1.7 (Insane 8*) Presto
0%
1.9 (Hard Demon) Radioactive
0%
2.0 (Harder 6*) Recollections
0%
1.8 (Harder 7*) Shockwave
0%
1.9 (Harder 6*) Skittles
0%
1.9 (Hard 5*) Solar Rain
0%
2.0 (Harder 6*) Sonder
0%
1.9 (Hard Demon) Soulwind
0%
2.0 (Hard 5*) Stardust
0%
1.9 (Insane 8*) Star Jumper
0%
1.8 (Harder 6*) Stereo Future
0%
1.8 (Harder 7*) Time Jumper
0%
1.9 (Hard 5*) Toaster Coaster
0%
1.9 (Easy Demon) Tuxedo
0%
1.7 (Medium Demon) Ultimato
0%
1.9 (Insane Demon) Ultraviolet
0%
1.9 (Harder 7*) Unity
0%
1.9 (Harder 7*) Valiant
0%
1.8 (Hard Demon) Velodrome
0%
2.0 (Hard Demon) Viper
0%
1.7 (Harder 6*) Virtuoso
0%
1.8 (Harder 7*) xNeon
0%
No matching quizzes found
Score Distribution
Percent of People with Each Score
Percentile by Number Answered
Your Score History
You have not taken this quiz